Sports Quiz

Random Sports or Hockey Quiz
Score 0/24 Timer 06:00
0 Plays Today
Draft Year (Pick No.) Player % Correct
2006None
99.1%
2015 (1)Connor McDavid
99.1%
2011 (1)Ryan Nugent-Hopkins
98.3%
2010 (1)Taylor Hall
97.4%
2012 (1)Nail Yakupov
97.4%
2014 (3)Leon Draisaitl
93.2%
2013 (7)Darnell Nurse
92.3%
2008 (22)Jordan Eberle
85.5%
2018 (10)Evan Bouchard
81.2%
2016 (4)Jesse Puljujarvi
76.1%
2017 (22)Kailer Yamamoto
74.4%
2011 (19)Oscar Klefbom
67.5%
Draft Year (Pick No.) Player % Correct
2007 (6)Sam Gagner
64.1%
2001 (13)Ales Hemsky
57.3%
2004 (14)Devan Dubnyk
55.6%
2019 (8)Philip Broberg
55.6%
2009 (10)Magnus Paajarvi
41%
2005 (25)Andrew Cogliano
37.6%
2003 (22)Marc-Antoine Pouliot
26.5%
2007 (15)Alex Plante
24.8%
2007 (21)Riley Nash
18.8%
2002 (15)Jesse Niinimaki
17.1%
2004 (25)Rob Schremp
17.1%
2000 (17)Alexei Mikhnov
11.1%

You're not logged in!

Compare scores with friends on all Sporcle quizzes.
OR
Log In

Sporcle TV

Today on Sporcle TV


Watch our educational content, quiz creation guides, and fun videos on Sporcle TV.

Show Comments

Extras

Top Quizzes Today


Score Distribution

Paid Content

Your Account Isn't Verified!

In order to create a playlist on Sporcle, you need to verify the email address you used during registration. Go to your Sporcle Settings to finish the process.

Report this User

Report this user for behavior that violates our Community Guidelines.

Details: